International Retailing / (Record no. 17396)

MARC details
000 -LEADER
fixed length control field 00726cam a2200241 a 4500
001 - CONTROL NUMBER
control field 14642829
005 - DATE AND TIME OF LATEST TRANSACTION
control field 20130325123350.0
008 - FIXED-LENGTH DATA ELEMENTS--GENERAL INFORMATION
fixed length control field 061121s2007 nyua b 001 0 eng d
010 ## - LIBRARY OF CONGRESS CONTROL NUMBER
LC control number 2006939041
020 ## - INTERNATIONAL STANDARD BOOK NUMBER
International Standard Book Number 9781563674907 (hbk.)
020 ## - INTERNATIONAL STANDARD BOOK NUMBER
International Standard Book Number 1563674904 (hbk.)
082 ## - DEWEY DECIMAL CLASSIFICATION NUMBER
Edition number 22
Classification number 343.0887
Item number STE
100 1# - MAIN ENTRY--PERSONAL NAME
Personal name Sternquist, Brenda.
9 (RLIN) 32959
245 10 - TITLE STATEMENT
Title International Retailing /
Statement of responsibility, etc Brenda Sternquist.
250 ## - EDITION STATEMENT
Edition statement 2nd ed.
260 ## - PUBLICATION, DISTRIBUTION, ETC. (IMPRINT)
Place of publication, distribution, etc New York :
Name of publisher, distributor, etc Fairchild Publications,
Date of publication, distribution, etc c2007.
300 ## - PHYSICAL DESCRIPTION
Extent xix, 619 p. :
Other physical details ill. ;
Dimensions 24 cm.
504 ## - BIBLIOGRAPHY, ETC. NOTE
Bibliography, etc Includes bibliographical references and index.
650 #0 - SUBJECT ADDED ENTRY--TOPICAL TERM
Topical term or geographic name as entry element Retail trade.
9 (RLIN) 32960
650 #0 - SUBJECT ADDED ENTRY--TOPICAL TERM
Topical term or geographic name as entry element International trade.
9 (RLIN) 32961
653 ## - INDEX TERM--UNCONTROLLED
Resource For college
Arrived date list March2013
942 ## - ADDED ENTRY ELEMENTS (KOHA)
Source of classification or shelving scheme Dewey Decimal Classification
Item type Book - Borrowing
Holdings
Withdrawn status Item status Source of classification or shelving scheme Damaged status Not for loan Vendor Home library Current library Shelving location Date acquired Source of acquisition Total Checkouts Full call number Barcode Date last seen Koha item type Total Renewals Date last borrowed
    Dewey Decimal Classification     Baccah Central Library Central Library First floor 25/03/2013     343.0887 STE 000028612 15/07/2025 Book - Borrowing    
    Dewey Decimal Classification     Baccah Central Library Central Library First floor 25/03/2013   2 343.0887 STE 000028613 15/07/2025 Book - Borrowing 8 06/02/2024
    Dewey Decimal Classification     Baccah Central Library Central Library First floor 25/03/2013     343.0887 STE 000028614 15/07/2025 Book - Borrowing